[Event "DEM U16 2022"]
[Site "Willingen GER"]
[Date "2022.06.05"]
[Round "2"]
[White "Lutsko, Artem"]
[Black "Trushko, Andrii"]
[Result "1-0"]
[Termination "normal"]
[Board "1"]
[WhiteElo "2392"]
[BlackElo "1897"]
[WhiteClock "00:33:00"]
[BlackClock "00:42:28"]
[PlyCount "71"]
[WhiteFideId "14188767"]
[BlackFideId "14172887"]
[EventCountry "GER"]
[EventRounds "9"]
[EventType "swiss"]
[EventDate "2022.06.04"]

1. e4 {[%clk 1:30:57]} c6 {[%clk 1:30:46]} 2. Nf3 {[%clk 1:31:25]} d5 {[%clk
1:31:06]} 3. Nc3 {[%clk 1:31:52]} dxe4 {[%clk 1:31:07]} 4. Nxe4 {[%clk
1:32:18]} Bg4 {[%clk 1:31:09]} 5. h3 {[%clk 1:32:27]} Bxf3 {[%clk 1:30:55]} 6.
Qxf3 {[%clk 1:32:53]} e6 {[%clk 1:31:11]} 7. g3 {[%clk 1:31:37]} Nd7 {[%clk
1:30:42]} 8. d4 {[%clk 1:31:41]} Ngf6 {[%clk 1:30:56]} 9. Bg2 {[%clk 1:31:24]}
Be7 {[%clk 1:30:35]} 10. O-O {[%clk 1:31:37]} O-O {[%clk 1:30:53]} 11. Rd1
{[%clk 1:30:18]} Re8 {[%clk 1:29:42]} 12. c4 {[%clk 1:28:33]} h6 {[%clk
1:28:23]} 13. Nc3 {[%clk 1:27:43]} Nb6 {[%clk 1:25:34]} 14. Qe2 {[%clk
1:24:44]} Qd7 {[%clk 1:24:04]} 15. Bf4 {[%clk 1:23:57]} Rad8 {[%clk 1:22:35]}
16. Rab1 {[%clk 1:17:08]} Nc8 {[%clk 1:19:39]} 17. b4 {[%clk 1:17:03]} Bd6
{[%clk 1:18:41]} 18. Be3 {[%clk 1:17:22]} Qe7 {[%clk 1:18:03]} 19. c5 {[%clk
1:00:58]} Bc7 {[%clk 1:14:18]} 20. b5 {[%clk 1:01:25]} Nd5 {[%clk 1:14:38]} 21.
Bd2 {[%clk 0:59:37]} Qf6 {[%clk 1:09:08]} 22. bxc6 {[%clk 0:53:47]} bxc6 {[%clk
1:09:36]} 23. Be1 {[%clk 0:49:16]} Nce7 {[%clk 1:07:26]} 24. Ne4 {[%clk
0:46:42]} Qg6 {[%clk 1:07:39]} 25. Rb7 {[%clk 0:46:23]} e5 {[%clk 1:00:45]} 26.
Nd6 {[%clk 0:42:29]} Bxd6 {[%clk 0:59:34]} 27. cxd6 {[%clk 0:42:56]} Qxd6
{[%clk 0:57:58]} 28. dxe5 {[%clk 0:40:11]} Qc5 {[%clk 0:57:23]} 29. e6 {[%clk
0:36:10]} fxe6 {[%clk 0:47:48]} 30. Qxe6+ {[%clk 0:36:36]} Kh8 {[%clk 0:48:11]}
31. Qe5 {[%clk 0:36:11]} Qc2 {[%clk 0:45:25]} 32. Rxd5 {[%clk 0:35:06]} cxd5
{[%clk 0:44:44]} 33. Rxe7 {[%clk 0:35:33]} Rxe7 {[%clk 0:45:01]} 34. Qxe7
{[%clk 0:35:57]} Rc8 {[%clk 0:44:01]} 35. Bxd5 {[%clk 0:36:16]} Qf5 {[%clk
0:42:28]} 36. Bc3 {[%clk 0:33:00]} 1-0

[Event "DEM U16 2022"]
[Site "Willingen GER"]
[Date "2022.06.05"]
[Round "2"]
[White "Foerster-Yialamas, Lucas"]
[Black "Petrovskyi, Vadym"]
[Result "0-1"]
[Termination "normal"]
[Board "2"]
[WhiteTitle "CM"]
[WhiteElo "2117"]
[BlackElo "2330"]
[WhiteClock "00:05:09"]
[BlackClock "00:55:17"]
[PlyCount "84"]
[WhiteFideId "30901774"]
[BlackFideId "14165210"]
[EventCountry "GER"]
[EventRounds "9"]
[EventType "swiss"]
[EventDate "2022.06.04"]

1. e4 {[%clk 1:30:57]} c5 {[%clk 1:30:50]} 2. Nf3 {[%clk 1:31:23]} d6 {[%clk
1:31:13]} 3. d4 {[%clk 1:31:50]} cxd4 {[%clk 1:31:35]} 4. Nxd4 {[%clk 1:32:17]}
Nf6 {[%clk 1:31:51]} 5. Nc3 {[%clk 1:32:41]} a6 {[%clk 1:32:14]} 6. f3 {[%clk
1:33:05]} e5 {[%clk 1:32:30]} 7. Nb3 {[%clk 1:33:30]} Be7 {[%clk 1:32:51]} 8.
Be3 {[%clk 1:33:56]} Be6 {[%clk 1:33:14]} 9. Qd2 {[%clk 1:34:22]} Nbd7 {[%clk
1:33:38]} 10. O-O-O {[%clk 1:34:44]} O-O {[%clk 1:33:59]} 11. g4 {[%clk
1:35:09]} b5 {[%clk 1:34:25]} 12. g5 {[%clk 1:35:36]} Nh5 {[%clk 1:34:50]} 13.
Nd5 {[%clk 1:25:01]} Bxd5 {[%clk 1:35:14]} 14. exd5 {[%clk 1:24:55]} f6 {[%clk
1:35:37]} 15. Na5 {[%clk 1:19:44]} fxg5 {[%clk 1:33:57]} 16. Nc6 {[%clk
1:19:41]} Qe8 {[%clk 1:34:21]} 17. Bxg5 {[%clk 1:16:50]} Bxg5 {[%clk 1:33:35]}
18. Qxg5 {[%clk 1:17:14]} Ndf6 {[%clk 1:33:32]} 19. Bd3 {[%clk 1:03:03]} Nf4
{[%clk 1:31:46]} 20. Rhg1 {[%clk 0:44:22]} Rf7 {[%clk 1:31:23]} 21. Be4 {[%clk
0:38:03]} Nxe4 {[%clk 1:28:38]} 22. fxe4 {[%clk 0:38:20]} Ne2+ {[%clk 1:29:05]}
23. Kb1 {[%clk 0:38:42]} Nxg1 {[%clk 1:29:31]} 24. Rxg1 {[%clk 0:39:03]} Qf8
{[%clk 1:29:54]} 25. b3 {[%clk 0:33:26]} Kh8 {[%clk 1:27:08]} 26. Kb2 {[%clk
0:30:58]} Rf4 {[%clk 1:26:52]} 27. Re1 {[%clk 0:26:24]} Qf6 {[%clk 1:26:19]}
28. Qg1 {[%clk 0:24:00]} Rf2 {[%clk 1:25:22]} 29. Qg4 {[%clk 0:23:49]} Rxh2
{[%clk 1:24:32]} 30. Qd7 {[%clk 0:23:55]} Rf8 {[%clk 1:07:16]} 31. Qb7 {[%clk
0:19:45]} h5 {[%clk 1:01:14]} 32. Qxa6 {[%clk 0:18:16]} h4 {[%clk 1:00:09]} 33.
Qxb5 {[%clk 0:18:05]} Qf2 {[%clk 0:58:24]} 34. Rc1 {[%clk 0:17:21]} h3 {[%clk
0:56:53]} 35. Qd3 {[%clk 0:13:36]} Qh4 {[%clk 0:56:52]} 36. a4 {[%clk 0:09:24]}
Rg2 {[%clk 0:54:40]} 37. Rf1 {[%clk 0:04:56]} Rxf1 {[%clk 0:54:15]} 38. Qxf1
{[%clk 0:05:20]} Qf2 {[%clk 0:54:40]} 39. Qxf2 {[%clk 0:04:02]} Rxf2 {[%clk
0:55:08]} 40. a5 {[%clk 0:04:25]} h2 {[%clk 0:55:00]} 41. a6 {[%clk 0:04:45]}
Rf8 {[%clk 0:54:51]} 42. a7 {[%clk 0:05:09]} Ra8 {[%clk 0:55:17]} 0-1

[Event "DEM U16 2022"]
[Site "Willingen GER"]
[Date "2022.06.05"]
[Round "2"]
[White "Farokhi, Keyvan"]
[Black "Bui, Bao Anh Le"]
[Result "1/2-1/2"]
[Termination "normal"]
[Board "3"]
[WhiteElo "2360"]
[BlackElo "2127"]
[WhiteClock "00:29:56"]
[BlackClock "00:01:14"]
[PlyCount "81"]
[WhiteFideId "12998630"]
[BlackFideId "12970719"]
[EventCountry "GER"]
[EventRounds "9"]
[EventType "swiss"]
[EventDate "2022.06.04"]

1. e4 {[%clk 1:30:55]} c5 {[%clk 1:30:36]} 2. Nf3 {[%clk 1:31:17]} d6 {[%clk
1:30:52]} 3. d4 {[%clk 1:31:39]} cxd4 {[%clk 1:31:10]} 4. Nxd4 {[%clk 1:32:03]}
Nf6 {[%clk 1:31:26]} 5. Nc3 {[%clk 1:32:25]} a6 {[%clk 1:31:41]} 6. Bd3 {[%clk
1:32:45]} e5 {[%clk 1:28:15]} 7. Nde2 {[%clk 1:32:51]} Be7 {[%clk 1:27:51]} 8.
O-O {[%clk 1:33:05]} O-O {[%clk 1:21:48]} 9. Ng3 {[%clk 1:33:17]} b5 {[%clk
1:16:37]} 10. Bg5 {[%clk 1:00:37]} Be6 {[%clk 1:03:43]} 11. Qf3 {[%clk
0:54:43]} Nbd7 {[%clk 0:44:19]} 12. Nf5 {[%clk 0:51:41]} b4 {[%clk 0:38:12]}
13. Ne2 {[%clk 0:44:53]} h6 {[%clk 0:21:41]} 14. Bh4 {[%clk 0:35:18]} Bxf5
{[%clk 0:13:00]} 15. Qxf5 {[%clk 0:34:52]} g6 {[%clk 0:13:01]} 16. Qf3 {[%clk
0:34:25]} Nh5 {[%clk 0:05:42]} 17. Bg3 {[%clk 0:29:45]} Qc7 {[%clk 0:03:58]}
18. c3 {[%clk 0:27:27]} a5 {[%clk 0:03:31]} 19. cxb4 {[%clk 0:24:52]} axb4
{[%clk 0:03:56]} 20. a3 {[%clk 0:25:17]} Qb7 {[%clk 0:01:50]} 21. Bc4 {[%clk
0:19:11]} Nb6 {[%clk 0:01:57]} 22. Bb3 {[%clk 0:16:54]} bxa3 {[%clk 0:01:56]}
23. bxa3 {[%clk 0:16:54]} Kg7 {[%clk 0:02:04]} 24. Rfb1 {[%clk 0:16:40]} Qd7
{[%clk 0:02:08]} 25. Qd3 {[%clk 0:15:51]} Nxg3 {[%clk 0:01:22]} 26. hxg3 {[%clk
0:15:51]} f5 {[%clk 0:01:17]} 27. Nc3 {[%clk 0:15:18]} Ra5 {[%clk 0:00:56]} 28.
Bd5 {[%clk 0:07:25]} fxe4 {[%clk 0:00:52]} 29. Bxe4 {[%clk 0:07:24]} Na4 {[%clk
0:00:36]} 30. Rb7 {[%clk 0:06:58]} Qe6 {[%clk 0:00:43]} 31. Bd5 {[%clk
0:05:10]} Qf6 {[%clk 0:00:43]} 32. Ne4 {[%clk 0:03:00]} Nc5 {[%clk 0:00:53]}
33. Nxf6 {[%clk 0:02:06]} Nxd3 {[%clk 0:01:18]} 34. Rxe7+ {[%clk 0:02:31]} Kxf6
{[%clk 0:01:43]} 35. Re6+ {[%clk 0:02:56]} Kg5 {[%clk 0:00:56]} 36. Rxd6 {[%clk
0:01:36]} Nxf2 {[%clk 0:00:53]} 37. Re1 {[%clk 0:00:34]} Ng4 {[%clk 0:00:48]}
38. Bf3 {[%clk 0:00:37]} h5 {[%clk 0:00:37]} 39. Re6 {[%clk 0:00:35]} Rxa3
{[%clk 0:00:52]} 40. Bxg4 {[%clk 0:00:54]} hxg4 {[%clk 0:01:14]} 41. R6xe5+
{[%clk 0:29:56]} 1/2-1/2

[Event "DEM U16 2022"]
[Site "Willingen GER"]
[Date "2022.06.05"]
[Round "2"]
[White "Jaskulski, Jan"]
[Black "Sidletskyi, Ivan"]
[Result "0-1"]
[Termination "normal"]
[Board "4"]
[WhiteElo "1727"]
[BlackElo "2084"]
[WhiteClock "00:02:08"]
[BlackClock "00:37:21"]
[PlyCount "94"]
[WhiteFideId "21877807"]
[BlackFideId "14156024"]
[EventCountry "GER"]
[EventRounds "9"]
[EventType "swiss"]
[EventDate "2022.06.04"]

1. e4 {[%clk 1:30:49]} c5 {[%clk 1:30:11]} 2. Nf3 {[%clk 1:31:09]} Nc6 {[%clk
1:30:11]} 3. d4 {[%clk 1:31:32]} cxd4 {[%clk 1:30:29]} 4. Nxd4 {[%clk 1:31:57]}
g6 {[%clk 1:30:13]} 5. c4 {[%clk 1:32:20]} Nf6 {[%clk 1:29:51]} 6. Nc3 {[%clk
1:32:44]} Nxd4 {[%clk 1:29:57]} 7. Qxd4 {[%clk 1:33:05]} d6 {[%clk 1:29:42]} 8.
Be3 {[%clk 1:32:28]} Bg7 {[%clk 1:29:33]} 9. f3 {[%clk 1:32:43]} O-O {[%clk
1:29:24]} 10. Qd2 {[%clk 1:33:06]} Be6 {[%clk 1:27:01]} 11. Rc1 {[%clk
1:30:56]} Qa5 {[%clk 1:24:53]} 12. Be2 {[%clk 1:26:52]} Rfc8 {[%clk 1:19:38]}
13. b3 {[%clk 1:09:45]} a6 {[%clk 1:18:40]} 14. Na4 {[%clk 1:01:01]} Qxd2+
{[%clk 1:13:01]} 15. Kxd2 {[%clk 1:01:18]} Nd7 {[%clk 1:13:13]} 16. Nb6 {[%clk
0:58:40]} Nxb6 {[%clk 1:13:30]} 17. Bxb6 {[%clk 0:59:06]} Rc6 {[%clk 1:03:02]}
18. Be3 {[%clk 0:59:05]} b5 {[%clk 1:00:38]} 19. cxb5 {[%clk 0:50:58]} Rxc1
{[%clk 1:00:57]} 20. Rxc1 {[%clk 0:51:21]} axb5 {[%clk 1:01:20]} 21. Rc2 {[%clk
0:51:24]} b4 {[%clk 0:56:43]} 22. Bd3 {[%clk 0:48:13]} f5 {[%clk 0:54:08]} 23.
Ke2 {[%clk 0:43:45]} fxe4 {[%clk 0:49:55]} 24. Bxe4 {[%clk 0:36:36]} d5 {[%clk
0:49:55]} 25. Bd3 {[%clk 0:36:04]} Bc3 {[%clk 0:49:20]} 26. Bc5 {[%clk
0:23:28]} Rc8 {[%clk 0:45:04]} 27. Be3 {[%clk 0:15:07]} Kf7 {[%clk 0:43:18]}
28. Bd2 {[%clk 0:11:43]} d4 {[%clk 0:42:56]} 29. Bg5 {[%clk 0:08:10]} Rc5
{[%clk 0:40:22]} 30. h4 {[%clk 0:06:45]} Bd7 {[%clk 0:37:56]} 31. Bc4+ {[%clk
0:05:14]} Rxc4 {[%clk 0:32:56]} 32. bxc4 {[%clk 0:01:49]} d3+ {[%clk 0:33:14]}
33. Kxd3 {[%clk 0:01:26]} Bf5+ {[%clk 0:33:36]} 34. Ke3 {[%clk 0:01:20]} Bxc2
{[%clk 0:33:56]} 35. c5 {[%clk 0:00:45]} Ba4 {[%clk 0:33:45]} 36. Kd3 {[%clk
0:00:57]} Bb5+ {[%clk 0:34:02]} 37. Kc2 {[%clk 0:01:19]} Bd4 {[%clk 0:34:17]}
38. Kb3 {[%clk 0:00:48]} Bxc5 {[%clk 0:34:31]} 39. h5 {[%clk 0:00:44]} gxh5
{[%clk 0:34:54]} 40. Bd2 {[%clk 0:00:48]} Bd7 {[%clk 0:35:09]} 41. Bxb4 {[%clk
0:00:33]} Be6+ {[%clk 0:35:30]} 42. Kc3 {[%clk 0:00:56]} Bxb4+ {[%clk 0:35:53]}
43. Kxb4 {[%clk 0:01:24]} Bxa2 {[%clk 0:36:12]} 44. g3 {[%clk 0:01:47]} Kf6
{[%clk 0:36:34]} 45. Kc3 {[%clk 0:01:34]} Bd5 {[%clk 0:36:55]} 46. f4 {[%clk
0:01:43]} Kf5 {[%clk 0:37:18]} 47. Kd4 {[%clk 0:02:08]} e6 {[%clk 0:37:21]} 0-1

[Event "DEM U16 2022"]
[Site "Willingen GER"]
[Date "2022.06.05"]
[Round "2"]
[White "Laux, Dominik"]
[Black "Chassard, Cedric"]
[Result "1-0"]
[Termination "normal"]
[Board "5"]
[WhiteElo "2263"]
[BlackElo "2072"]
[WhiteClock "00:17:16"]
[BlackClock "00:22:15"]
[PlyCount "107"]
[WhiteFideId "12994219"]
[BlackFideId "16243536"]
[EventCountry "GER"]
[EventRounds "9"]
[EventType "swiss"]
[EventDate "2022.06.04"]

1. e4 {[%clk 1:30:46]} c5 {[%clk 1:30:19]} 2. Nf3 {[%clk 1:31:03]} d6 {[%clk
1:30:42]} 3. d4 {[%clk 1:31:00]} cxd4 {[%clk 1:31:05]} 4. Nxd4 {[%clk 1:31:25]}
Nf6 {[%clk 1:31:26]} 5. Nc3 {[%clk 1:31:17]} a6 {[%clk 1:31:50]} 6. Be3 {[%clk
1:31:16]} e5 {[%clk 1:32:09]} 7. Nb3 {[%clk 1:31:39]} Be6 {[%clk 1:32:24]} 8.
f3 {[%clk 1:30:13]} h5 {[%clk 1:31:57]} 9. Qd2 {[%clk 1:29:45]} Nbd7 {[%clk
1:31:31]} 10. Nd5 {[%clk 1:27:14]} Bxd5 {[%clk 1:30:27]} 11. exd5 {[%clk
1:27:38]} g6 {[%clk 1:30:36]} 12. O-O-O {[%clk 1:25:59]} Bg7 {[%clk 1:29:04]}
13. Kb1 {[%clk 1:24:15]} Qc7 {[%clk 1:21:25]} 14. Rg1 {[%clk 1:20:59]} Rc8
{[%clk 1:09:17]} 15. c4 {[%clk 1:16:44]} b6 {[%clk 1:04:26]} 16. Be2 {[%clk
1:12:59]} Nc5 {[%clk 1:02:29]} 17. Qc2 {[%clk 1:02:47]} Qd7 {[%clk 0:55:21]}
18. Nxc5 {[%clk 0:57:27]} bxc5 {[%clk 0:47:48]} 19. Rd3 {[%clk 0:52:01]} O-O
{[%clk 0:46:03]} 20. Ra3 {[%clk 0:51:23]} Qb7 {[%clk 0:43:18]} 21. Bd2 {[%clk
0:47:46]} Rb8 {[%clk 0:40:09]} 22. Bc3 {[%clk 0:44:37]} Rfe8 {[%clk 0:38:13]}
23. Qa4 {[%clk 0:41:37]} Ra8 {[%clk 0:35:54]} 24. Rb3 {[%clk 0:37:22]} Qd7
{[%clk 0:33:05]} 25. Qxd7 {[%clk 0:35:28]} Nxd7 {[%clk 0:33:28]} 26. Rb7 {[%clk
0:35:44]} Nf6 {[%clk 0:32:29]} 27. Rb6 {[%clk 0:33:17]} Bf8 {[%clk 0:32:02]}
28. Bd1 {[%clk 0:30:37]} Reb8 {[%clk 0:31:16]} 29. Rxb8 {[%clk 0:29:35]} Rxb8
{[%clk 0:31:42]} 30. Ba4 {[%clk 0:28:25]} Be7 {[%clk 0:28:51]} 31. Kc2 {[%clk
0:25:49]} Kf8 {[%clk 0:26:59]} 32. a3 {[%clk 0:24:42]} Bd8 {[%clk 0:24:50]} 33.
b4 {[%clk 0:23:18]} Bb6 {[%clk 0:24:07]} 34. Rb1 {[%clk 0:23:22]} Bc7 {[%clk
0:23:07]} 35. Re1 {[%clk 0:19:22]} Bb6 {[%clk 0:22:30]} 36. Rb1 {[%clk
0:14:04]} Bc7 {[%clk 0:22:06]} 37. bxc5 {[%clk 0:09:14]} dxc5 {[%clk 0:18:21]}
38. Re1 {[%clk 0:09:37]} Ke7 {[%clk 0:16:56]} 39. Bxe5 {[%clk 0:06:43]} Bxe5
{[%clk 0:17:11]} 40. Rxe5+ {[%clk 0:07:11]} Kd6 {[%clk 0:17:25]} 41. Re1 {[%clk
0:06:48]} Rb7 {[%clk 0:10:14]} 42. Bc6 {[%clk 0:02:35]} Rb8 {[%clk 0:10:04]}
43. g3 {[%clk 0:02:16]} Ng8 {[%clk 0:09:23]} 44. Re8 {[%clk 0:28:49]} Rxe8
{[%clk 0:39:39]} 45. Bxe8 {[%clk 0:29:17]} Ke7 {[%clk 0:39:45]} 46. Bc6 {[%clk
0:29:30]} Nh6 {[%clk 0:39:41]} 47. Kb3 {[%clk 0:28:29]} Nf5 {[%clk 0:39:49]}
48. Bb7 {[%clk 0:27:46]} h4 {[%clk 0:34:38]} 49. Bxa6 {[%clk 0:27:04]} Nxg3
{[%clk 0:33:53]} 50. a4 {[%clk 0:21:42]} Nf1 {[%clk 0:25:47]} 51. a5 {[%clk
0:19:59]} Kd8 {[%clk 0:24:05]} 52. Bb7 {[%clk 0:17:07]} Nd2+ {[%clk 0:22:09]}
53. Kc3 {[%clk 0:16:52]} Nxf3 {[%clk 0:22:15]} 54. a6 {[%clk 0:17:16]} 1-0

[Event "DEM U16 2022"]
[Site "Willingen GER"]
[Date "2022.06.05"]
[Round "2"]
[White "Ohler, Julius"]
[Black "Hommer, Jeremy"]
[Result "1/2-1/2"]
[Termination "normal"]
[Board "6"]
[WhiteElo "2011"]
[BlackElo "2123"]
[WhiteClock "00:47:50"]
[BlackClock "00:26:31"]
[PlyCount "47"]
[WhiteFideId "16238982"]
[BlackFideId "12992577"]
[EventCountry "GER"]
[EventRounds "9"]
[EventType "swiss"]
[EventDate "2022.06.04"]

1. d4 {[%clk 1:30:57]} Nf6 {[%clk 1:30:54]} 2. Nf3 {[%clk 1:31:20]} e6 {[%clk
1:31:11]} 3. Bg5 {[%clk 1:31:45]} c5 {[%clk 1:30:38]} 4. c3 {[%clk 1:32:08]}
cxd4 {[%clk 1:09:56]} 5. cxd4 {[%clk 1:30:20]} Qa5+ {[%clk 1:08:51]} 6. Bd2
{[%clk 1:30:24]} Bb4 {[%clk 1:07:04]} 7. a3 {[%clk 1:27:22]} Bxd2+ {[%clk
1:06:17]} 8. Qxd2 {[%clk 1:24:23]} Qxd2+ {[%clk 1:03:28]} 9. Nbxd2 {[%clk
1:23:06]} d5 {[%clk 1:03:13]} 10. e3 {[%clk 1:23:09]} Bd7 {[%clk 1:02:04]} 11.
Bd3 {[%clk 1:21:23]} Nc6 {[%clk 1:01:41]} 12. Ke2 {[%clk 1:20:30]} Ke7 {[%clk
1:01:00]} 13. Rhc1 {[%clk 1:20:47]} a5 {[%clk 0:54:18]} 14. Rc2 {[%clk
1:16:49]} Rhc8 {[%clk 0:52:41]} 15. Rac1 {[%clk 1:14:32]} Na7 {[%clk 0:47:50]}
16. Ne5 {[%clk 1:12:57]} Rxc2 {[%clk 0:42:26]} 17. Rxc2 {[%clk 1:10:25]} Rc8
{[%clk 0:42:49]} 18. Rxc8 {[%clk 1:08:34]} Nxc8 {[%clk 0:42:16]} 19. f3 {[%clk
1:05:27]} Na7 {[%clk 0:42:02]} 20. Nb1 {[%clk 0:55:45]} Bb5 {[%clk 0:35:16]}
21. Nc3 {[%clk 0:55:57]} Bxd3+ {[%clk 0:35:39]} 22. Kxd3 {[%clk 0:56:00]} Nc6
{[%clk 0:26:06]} 23. Nxc6+ {[%clk 0:47:50]} bxc6 {[%clk 0:26:31]} 24. Ke4
1/2-1/2

[Event "DEM U16 2022"]
[Site "Willingen GER"]
[Date "2022.06.05"]
[Round "2"]
[White "Bakiev, Diyor"]
[Black "Lerchl, Clemens"]
[Result "0-1"]
[Termination "normal"]
[Board "7"]
[WhiteElo "2236"]
[BlackElo "1843"]
[WhiteClock "00:27:17"]
[BlackClock "00:32:07"]
[PlyCount "88"]
[WhiteFideId "16241584"]
[BlackFideId "16226372"]
[EventCountry "GER"]
[EventRounds "9"]
[EventType "swiss"]
[EventDate "2022.06.04"]

1. e4 {[%clk 1:30:57]} c5 {[%clk 1:30:56]} 2. c3 {[%clk 1:31:17]} d5 {[%clk
1:31:18]} 3. exd5 {[%clk 1:31:43]} Qxd5 {[%clk 1:31:43]} 4. d4 {[%clk 1:32:09]}
Nc6 {[%clk 1:31:58]} 5. Nf3 {[%clk 1:32:29]} Bf5 {[%clk 1:32:19]} 6. Be3 {[%clk
1:32:31]} e6 {[%clk 1:32:09]} 7. Na3 {[%clk 1:30:22]} cxd4 {[%clk 1:27:44]} 8.
Nb5 {[%clk 1:26:26]} O-O-O {[%clk 1:27:53]} 9. Nfxd4 {[%clk 1:20:55]} Bc5
{[%clk 1:22:11]} 10. Nxc6 {[%clk 0:55:05]} Qxc6 {[%clk 1:22:23]} 11. Qa4 {[%clk
0:53:56]} a6 {[%clk 1:16:24]} 12. Na7+ {[%clk 0:48:38]} Bxa7 {[%clk 1:16:49]}
13. Qxc6+ {[%clk 0:49:04]} bxc6 {[%clk 1:17:15]} 14. Bxa7 {[%clk 0:49:25]} Kb7
{[%clk 1:15:34]} 15. Be3 {[%clk 0:45:19]} Nf6 {[%clk 1:14:33]} 16. f3 {[%clk
0:43:07]} e5 {[%clk 1:13:09]} 17. Be2 {[%clk 0:38:02]} e4 {[%clk 1:09:15]} 18.
O-O {[%clk 0:36:59]} Rhe8 {[%clk 1:07:43]} 19. Bd4 {[%clk 0:35:28]} e3 {[%clk
1:00:15]} 20. Rfe1 {[%clk 0:33:57]} Nd5 {[%clk 0:59:03]} 21. Bf1 {[%clk
0:26:10]} Rd6 {[%clk 0:51:51]} 22. g3 {[%clk 0:18:44]} Rde6 {[%clk 0:46:40]}
23. Bc4 {[%clk 0:18:21]} g5 {[%clk 0:34:34]} 24. a4 {[%clk 0:13:40]} a5 {[%clk
0:30:16]} 25. Ra3 {[%clk 0:11:41]} Bc2 {[%clk 0:30:37]} 26. Ra2 {[%clk
0:10:03]} Bg6 {[%clk 0:21:00]} 27. b4 {[%clk 0:09:03]} axb4 {[%clk 0:20:41]}
28. cxb4 {[%clk 0:09:29]} g4 {[%clk 0:20:45]} 29. Be2 {[%clk 0:06:52]} Bd3
{[%clk 0:11:52]} 30. Bxd3 {[%clk 0:06:21]} gxf3 {[%clk 0:12:16]} 31. Rc1 {[%clk
0:05:00]} e2 {[%clk 0:10:06]} 32. Re1 {[%clk 0:05:03]} Rd6 {[%clk 0:02:15]} 33.
Bc5 {[%clk 0:04:13]} Nf4 {[%clk 0:01:27]} 34. Ba6+ {[%clk 0:00:59]} Kxa6 {[%clk
0:01:42]} 35. gxf4 {[%clk 0:01:05]} Rg8+ {[%clk 0:01:50]} 36. Kh1 {[%clk
0:00:49]} Rd1 {[%clk 0:01:29]} 37. Ra1 {[%clk 0:00:41]} Rd3 {[%clk 0:00:43]}
38. Ra2 {[%clk 0:00:32]} Rd1 {[%clk 0:01:05]} 39. Bf2 {[%clk 0:00:34]} Rg2
{[%clk 0:01:28]} 40. Raxe2 {[%clk 0:00:37]} Rxf2 {[%clk 0:01:14]} 41. b5+
{[%clk 0:29:03]} Ka5 {[%clk 0:31:16]} 42. Kg1 {[%clk 0:29:01]} Rg2+ {[%clk
0:31:15]} 43. Rxg2 {[%clk 0:26:58]} Rxe1+ {[%clk 0:31:40]} 44. Kf2 {[%clk
0:27:17]} fxg2 {[%clk 0:32:07]} 0-1

[Event "DEM U16 2022"]
[Site "Willingen GER"]
[Date "2022.06.05"]
[Round "2"]
[White "Mimkes, Antal"]
[Black "Ehrig, Leon Chris"]
[Result "1-0"]
[Termination "normal"]
[Board "8"]
[WhiteElo "1696"]
[BlackElo "1890"]
[WhiteClock "00:45:51"]
[BlackClock "00:06:04"]
[PlyCount "47"]
[WhiteFideId "16265963"]
[BlackFideId "16244796"]
[EventCountry "GER"]
[EventRounds "9"]
[EventType "swiss"]
[EventDate "2022.06.04"]

1. e4 {[%clk 1:30:46]} c5 {[%clk 1:30:56]} 2. Nf3 {[%clk 1:30:36]} e6 {[%clk
1:31:16]} 3. d4 {[%clk 1:30:37]} cxd4 {[%clk 1:31:42]} 4. Nxd4 {[%clk 1:30:16]}
Nf6 {[%clk 1:32:06]} 5. Nc3 {[%clk 1:30:03]} Nc6 {[%clk 1:32:31]} 6. Bc4 {[%clk
1:29:22]} Bb4 {[%clk 1:31:16]} 7. O-O {[%clk 1:27:36]} Bxc3 {[%clk 1:20:30]} 8.
bxc3 {[%clk 1:26:58]} Nxe4 {[%clk 1:20:44]} 9. Qg4 {[%clk 1:27:24]} Nf6 {[%clk
1:03:30]} 10. Qxg7 {[%clk 1:25:41]} Rg8 {[%clk 1:03:45]} 11. Qh6 {[%clk
1:25:27]} Rg6 {[%clk 1:00:04]} 12. Qe3 {[%clk 1:21:54]} Ng4 {[%clk 0:56:26]}
13. Qh3 {[%clk 1:20:45]} Nce5 {[%clk 0:41:20]} 14. Bd3 {[%clk 1:15:02]} Nxd3
15. cxd3 {[%clk 1:15:08]} b6 {[%clk 0:23:04]} 16. Nb5 {[%clk 1:11:06]} d6
{[%clk 0:22:35]} 17. Ba3 {[%clk 1:10:58]} e5 {[%clk 0:21:30]} 18. Qxh7 {[%clk
1:08:21]} Qd7 {[%clk 0:10:33]} 19. Nxd6+ {[%clk 0:57:08]} Rxd6 {[%clk 0:10:26]}
20. h3 {[%clk 0:53:45]} Nf6 {[%clk 0:06:44]} 21. Qh8+ {[%clk 0:51:40]} Ke7
{[%clk 0:07:03]} 22. Rfe1 {[%clk 0:50:09]} Ke6 {[%clk 0:06:41]} 23. f4 {[%clk
0:45:51]} e4 {[%clk 0:06:04]} 24. Rxe4+ 1-0

[Event "DEM U16 2022"]
[Site "Willingen GER"]
[Date "2022.06.05"]
[Round "2"]
[White "Bock, Marlon"]
[Black "Metzdorf, Matteo"]
[Result "1/2-1/2"]
[Termination "normal"]
[Board "9"]
[WhiteElo "1816"]
[BlackElo "2009"]
[WhiteClock "00:02:56"]
[BlackClock "00:02:38"]
[PlyCount "67"]
[WhiteFideId "16244931"]
[BlackFideId "16209869"]
[EventCountry "GER"]
[EventRounds "9"]
[EventType "swiss"]
[EventDate "2022.06.04"]

1. d4 {[%clk 1:30:57]} Nf6 {[%clk 1:30:52]} 2. Nf3 {[%clk 1:31:23]} e6 {[%clk
1:31:13]} 3. e3 {[%clk 1:31:45]} c5 {[%clk 1:31:29]} 4. Bd3 {[%clk 1:31:46]} d5
{[%clk 1:31:12]} 5. b3 {[%clk 1:31:32]} Nc6 {[%clk 1:31:07]} 6. O-O {[%clk
1:31:27]} Qc7 {[%clk 1:28:32]} 7. Bb2 {[%clk 1:23:47]} cxd4 {[%clk 1:24:23]} 8.
exd4 {[%clk 1:23:53]} Nb4 {[%clk 1:24:38]} 9. Ne5 {[%clk 1:19:21]} Nxd3 {[%clk
1:19:10]} 10. Qxd3 {[%clk 1:19:18]} Bd6 {[%clk 1:10:08]} 11. Nd2 {[%clk
1:13:08]} O-O {[%clk 1:01:46]} 12. Rac1 {[%clk 1:09:27]} b6 {[%clk 0:47:03]}
13. c4 {[%clk 1:04:33]} dxc4 {[%clk 0:44:20]} 14. Ndxc4 {[%clk 0:58:13]} Bb7
{[%clk 0:42:39]} 15. Na5 {[%clk 0:51:49]} Qe7 {[%clk 0:41:43]} 16. Nxb7 {[%clk
0:43:41]} Qxb7 {[%clk 0:42:07]} 17. Rc2 {[%clk 0:40:13]} Nd5 {[%clk 0:34:14]}
18. Qe4 {[%clk 0:36:40]} Rac8 {[%clk 0:27:08]} 19. Nc4 {[%clk 0:32:22]} Be7
{[%clk 0:21:03]} 20. Rfc1 {[%clk 0:29:34]} Rfd8 {[%clk 0:17:46]} 21. Ne3 {[%clk
0:26:09]} Rxc2 {[%clk 0:14:53]} 22. Qxc2 {[%clk 0:21:59]} Bg5 {[%clk 0:12:03]}
23. Qe4 {[%clk 0:19:51]} Qd7 {[%clk 0:11:18]} 24. h4 {[%clk 0:18:11]} Bf4
{[%clk 0:09:00]} 25. Rc2 {[%clk 0:16:02]} Bxe3 {[%clk 0:05:24]} 26. fxe3 {[%clk
0:12:54]} Rc8 {[%clk 0:05:30]} 27. Rc4 {[%clk 0:11:25]} b5 {[%clk 0:04:11]} 28.
Rc5 {[%clk 0:08:57]} b4 {[%clk 0:03:54]} 29. Qd3 {[%clk 0:08:10]} h6 {[%clk
0:03:04]} 30. e4 {[%clk 0:07:32]} Nc3 {[%clk 0:01:38]} 31. Rxc8+ {[%clk
0:04:49]} Qxc8 {[%clk 0:02:06]} 32. a3 {[%clk 0:04:30]} a5 {[%clk 0:02:12]} 33.
axb4 {[%clk 0:03:58]} axb4 {[%clk 0:02:38]} 34. Kf2 {[%clk 0:02:56]} 1/2-1/2